header

Francis Watkins and the Dollond telescope patent controversy / (Record no. 106970)

MARC details
000 -LEADER
fixed length control field 02110nam a2200481 i 4500
001 - CONTROL NUMBER
control field ebr10865613
003 - CONTROL NUMBER IDENTIFIER
control field CaPaEBR
006 - FIXED-LENGTH DATA ELEMENTS--ADDITIONAL MATERIAL CHARACTERISTICS--GENERAL INFORMATION
fixed length control field m o d
007 - PHYSICAL DESCRIPTION FIXED FIELD--GENERAL INFORMATION
fixed length control field cr cn|||||||||
008 - FIXED-LENGTH DATA ELEMENTS--GENERAL INFORMATION
fixed length control field 140511t20142014enka ob 001 0 eng d
020 ## - INTERNATIONAL STANDARD BOOK NUMBER
Cancelled/invalid ISBN 9781409466437
International Standard Book Number 9781409466444 (e-book)
International Standard Book Number 9781409466451 (e-book)
040 ## - CATALOGING SOURCE
Original cataloging agency CaPaEBR
Language of cataloging eng
Description conventions rda
-- pn
Transcribing agency CaPaEBR
035 ## - SYSTEM CONTROL NUMBER
System control number (OCoLC)879074366
043 ## - GEOGRAPHIC AREA CODE
Geographic area code e-uk---
050 14 - LIBRARY OF CONGRESS CALL NUMBER
Classification number QB88
Item number .G44 2014eb
082 04 - DEWEY DECIMAL CLASSIFICATION NUMBER
Classification number 681/.4123092241
Edition number 23
100 1# - MAIN ENTRY--PERSONAL NAME
Personal name Gee, Brian,
Relator term author.
245 10 - TITLE STATEMENT
Title Francis Watkins and the Dollond telescope patent controversy /
Statement of responsibility, etc Brian Gee ; edited by Anita McConnell and A.D. Morrison-Low.
264 #1 - PRODUCTION, PUBLICATION, DISTRIBUTION, MANUFACTURE, AND COPYRIGHT NOTICE
Place of production, publication, distribution, manufacture Surrey, England ;
-- Burlington, Vermont :
Name of producer, publisher, distributor, manufacturer Ashgate,
Date of production, publication, distribution, manufacture, or copyright notice 2014.
Date of production, publication, distribution, manufacture, or copyright notice �2014
300 ## - PHYSICAL DESCRIPTION
Extent 1 online resource (431 pages) :
Other physical details illustrations.
336 ## - CONTENT TYPE
Content type term text
Source rdacontent
337 ## - MEDIA TYPE
Media type term computer
Source rdamedia
338 ## - CARRIER TYPE
Carrier type term online resource
Source rdacarrier
490 1# - SERIES STATEMENT
Series statement Science, Technology and Culture, 1700-1945
504 ## - BIBLIOGRAPHY, ETC. NOTE
Bibliography, etc Includes bibliographical references and index.
588 ## - SOURCE OF DESCRIPTION NOTE
Source of description note Description based on print version record.
590 ## - LOCAL NOTE (RLIN)
Local note Electronic reproduction. Palo Alto, Calif. : ebrary, 2014. Available via World Wide Web. Access may be limited to ebrary affiliated libraries.
600 10 - SUBJECT ADDED ENTRY--PERSONAL NAME
Personal name Watkins, Francis,
Dates associated with a name 1723-1782.
Personal name Dollond, Peter,
Dates associated with a name 1730-1820.
Personal name Dollond, John,
Dates associated with a name 1706-1761.
650 #0 - SUBJECT ADDED ENTRY--TOPICAL TERM
Topical term or geographic name as entry element Telescopes
Geographic subdivision Great Britain
General subdivision History.
Topical term or geographic name as entry element Telescopes
Form subdivision Patents.
655 #0 - INDEX TERM--GENRE/FORM
Genre/form data or focus term Electronic books.
700 1# - ADDED ENTRY--PERSONAL NAME
Personal name McConnell, Anita,
Relator term editor.
Personal name Morrison-Low, A. D.,
Relator term editor.
776 08 - ADDITIONAL PHYSICAL FORM ENTRY
Display text Print version:
Main entry heading Gee, Brian.
Title Francis Watkins and the Dollond telescope patent controversy.
Place, publisher, and date of publication Surrey, England ; Burlington, Vermont : Ashgate, c2014
Physical description xxvi, 392 pages
Series data for related item Science, technology, and culture, 1700-1945.
International Standard Book Number 9781409466437
Record control number 2013047643
797 2# - LOCAL ADDED ENTRY--CORPORATE NAME (RLIN)
Corporate name or jurisdiction name as entry element ebrary.
830 #0 - SERIES ADDED ENTRY--UNIFORM TITLE
Uniform title Science, technology, and culture, 1700-1945.
856 40 - ELECTRONIC LOCATION AND ACCESS
Uniform Resource Identifier <a href="http://site.ebrary.com/lib/rucke/Doc?id=10865613">http://site.ebrary.com/lib/rucke/Doc?id=10865613</a>
Public note An electronic book accessible through the World Wide Web; click to view

No items available.

© 2026 Rongo University
Contact us: librarian | system librarian | Rongo university